Ultra Materials: How Materials Innovation is Changing the World (Record no. 13245)
[ view plain ]
| 000 -LEADER | |
|---|---|
| fixed length control field | 00264 a2200085 4500 |
| 020 ## - INTERNATIONAL STANDARD BOOK NUMBER | |
| International Standard Book Number | 9780500513828 |
| 100 ## - MAIN ENTRY--PERSONAL NAME | |
| Personal name | George M. Beylerian and Andrew H. Dent |
| 245 ## - TITLE STATEMENT | |
| Title | Ultra Materials: How Materials Innovation is Changing the World |
| 260 ## - PUBLICATION, DISTRIBUTION, ETC. | |
| Name of publisher, distributor, etc. | Thames & Hudson |
| Date of publication, distribution, etc. | 2007 |
| Withdrawn status | Lost status | Source of classification or shelving scheme | Damaged status | Not for loan | Permanent Location | Current Location | Date acquired | Source of acquisition | Cost, normal purchase price | Full call number | Barcode | Date last seen | Cost, replacement price | Price effective from | Koha item type |
|---|---|---|---|---|---|---|---|---|---|---|---|---|---|---|---|
| BMS College of Architecture, Design and Planning | BMS College of Architecture, Design and Planning | 2025-04-25 | 1 | 4910.63 | 620.11 | AR-UG4698 | 2025-04-25 | 6547.50 | 2025-04-25 | B.Design |